[Event "Bydgoszcz PGNiG Blitz"]
[Site "Bydgoszcz"]
[Date "2021.09.19"]
[Round "8"]
[White "Bebel, Arkadiusz"]
[Black "Rudzinska, Michalina"]
[Result "1-0"]
[WhiteElo "2294"]
[BlackElo "2222"]
[PlyCount "93"]
[EventDate "2021.09.19"]
[EventType "swiss (blitz)"]
[EventRounds "13"]
[EventCountry "POL"]
[SourceTitle "CBM 204 Extra"]
[Source "ChessBase"]
[SourceDate "2021.11.30"]
[SourceVersion "1"]
[SourceVersionDate "2021.11.30"]
[SourceQuality "1"]

1. Nf3 Nf6 2. g3 c5 3. Bg2 Nc6 4. 0-0 e6 5. d3 d5 6. Nbd2 Be7 7. e4 0-0 8. Re1 Re8 9. Qe2 d4 10. e5 Nd5 11. Ne4 Qc7 12. c4 dxc3 13. bxc3 Nxe5 14. c4 Nxf3+ 15. Qxf3 Nf6 16. Bb2 Qd8 17. Rad1 Nxe4 18. Rxe4 Bf6 19. Bxf6 Qxf6 20. Rf4 Qe7 21. Qh5 g6 22. Qe5 Bd7 23. Bxb7 Rab8 24. Bf3 Rf8 25. d4 Ba4 26. Re1 cxd4 27. Rxd4 Rfd8 28. Rh4 Qf8 29. Qa5 Bc2 30. Qxa7 Rd2 31. Qe3 Rbd8 32. Bd5 Rd3 33. Qe2 exd5 34. Qxc2 dxc4 35. Qxc4 Qd6 36. Rf4 Qd7 37. h4 Rc8 38. Qb4 Qd5 39. Kh2 Rd1 40. Rxd1 Qxd1 41. Qb7 Rf8 42. a4 h6 43. a5 Qh5 44. a6 g5 45. Rf5 Qg6 46. Rf3 gxh4 47. a7 1-0

[Event "POL Cup op rapid"]
[Site "Lodz"]
[Date "2021.08.07"]
[Round "4"]
[White "Bebel, Arkadiusz"]
[Black "Tarnowska, Aleksandra"]
[Result "1-0"]
[WhiteElo "2294"]
[BlackElo "1841"]
[PlyCount "102"]
[EventDate "2021.08.07"]
[EventType "swiss (rapid)"]
[EventRounds "9"]
[EventCountry "POL"]
[SourceTitle "CBM 203 Extra"]
[Source "ChessBase"]
[SourceDate "2021.09.30"]
[SourceVersion "1"]
[SourceVersionDate "2021.09.30"]
[SourceQuality "1"]

1. Nf3 Nf6 2. g3 g6 3. b3 Bg7 4. Bb2 c5 5. c4 Nc6 6. Bg2 d6 7. 0-0 0-0 8. d4 cxd4 9. Nxd4 Nxd4 10. Qxd4 Nh5 11. Qd2 Bxb2 12. Qxb2 f5 13. Nc3 Nf6 14. Rfd1 Qb6 15. e3 Bd7 16. Nd5 Nxd5 17. Bxd5+ e6 18. Bg2 Rad8 19. Qa3 Bc6 20. Rxd6 Rxd6 21. Qxd6 Bxg2 22. Qxb6 axb6 23. Kxg2 Rd8 24. Rc1 Rd2 25. a4 Rb2 26. Rc3 Kf7 27. Rd3 Kf6 28. h4 h6 29. Kf3 Ke5 30. Kg2 Kf6 31. Kf1 Ke5 32. f3 g5 33. h5 f4 34. exf4+ gxf4 35. g4 Kf6 36. Ke1 Ke5 37. Kd1 Kf6 38. Kc1 Rf2 39. b4 Ra2 40. Rd6 Rxa4 41. Rxb6 Ra3 42. Rxb7 Rxf3 43. Kd2 Rg3 44. c5 Rxg4 45. c6 Rg2+ 46. Ke1 Rc2 47. b5 Rc5 48. c7 Ke5 49. b6 f3 50. Rb8 Rc1+ 51. Kf2 Ke4 1-0

[Event "POL Cup op rapid"]
[Site "Lodz"]
[Date "2021.08.07"]
[Round "5"]
[White "Czarnecka, Lidia"]
[Black "Bebel, Arkadiusz"]
[Result "0-1"]
[WhiteElo "1889"]
[BlackElo "2294"]
[PlyCount "66"]
[EventDate "2021.08.07"]
[EventType "swiss (rapid)"]
[EventRounds "9"]
[EventCountry "POL"]
[SourceTitle "CBM 203 Extra"]
[Source "ChessBase"]
[SourceDate "2021.09.30"]
[SourceVersion "1"]
[SourceVersionDate "2021.09.30"]
[SourceQuality "1"]

1. e4 e6 2. d4 d5 3. e5 c5 4. c3 Nc6 5. Nf3 Qb6 6. Na3 cxd4 7. cxd4 Bb4+ 8. Bd2 Nge7 9. Nb5 Bxd2+ 10. Qxd2 0-0 11. Bd3 f6 12. exf6 Rxf6 13. 0-0 a6 14. Nc3 Rxf3 15. gxf3 Nxd4 16. Qe3 Bd7 17. Rad1 Nec6 18. Bb1 Rf8 19. f4 Qc5 20. Rd2 e5 21. f5 Bxf5 22. Bxf5 Rxf5 23. Kh1 Qc4 24. Qd3 Qxd3 25. Rxd3 e4 26. Rg3 b5 27. Nd1 Nf3 28. Ne3 Rh5 29. Ng4 Kf7 30. Rc1 Ne7 31. Rc7 d4 32. Rd7 Rc5 33. Kg2 h5 0-1

[Event "Warsaw Najdorf Memorial op-A 17th"]
[Site "Warsaw"]
[Date "2019.07.14"]
[Round "9"]
[White "Bebel, Arkadiusz"]
[Black "Dzida, Kamil"]
[Result "0-1"]
[WhiteElo "2290"]
[BlackElo "1987"]
[PlyCount "96"]
[EventDate "2019.07.06"]
[EventType "swiss"]
[EventRounds "9"]
[EventCountry "POL"]
[SourceTitle "CBM 191 Extra"]
[Source "ChessBase"]
[SourceDate "2019.09.30"]
[SourceVersion "1"]
[SourceVersionDate "2019.09.30"]
[SourceQuality "1"]

1. e4 c5 2. c3 Nf6 3. e5 Nd5 4. Nf3 Nc6 5. Bc4 Nb6 6. Bb3 c4 7. Bc2 d5 8. exd6 e5 9. 0-0 Bxd6 10. d4 Bg4 11. Re1 0-0 12. d5 e4 13. Rxe4 Ne5 14. Rxg4 Nxg4 15. Qd4 Qd7 16. Nbd2 Rae8 17. h3 Ne5 18. Nxe5 Bxe5 19. Qh4 f5 20. Nf3 Bf6 21. Qf4 g6 22. Be3 Qb5 23. Rd1 Nxd5 24. Ba4 Qxa4 25. Rxd5 Rd8 26. Rxd8 Rxd8 27. g4 Qd1+ 28. Kg2 Qd5 29. gxf5 gxf5 30. Bxa7 Qe4 31. Qh6 Bg7 32. Qh5 Rd6 33. Be3 f4 34. Bd4 Bxd4 35. cxd4 Qg6+ 36. Qg4 h5 37. Qxg6+ Rxg6+ 38. Kf1 Rb6 39. b3 cxb3 40. axb3 Rxb3 41. Ke2 Kf7 42. Ne5+ Ke6 43. Nd3 Rxd3 44. Kxd3 Kd5 45. Kc3 h4 46. Kd3 b6 47. Kc3 b5 48. Kd3 b4 0-1

[Event "Pardubice Czech op-A 27th"]
[Site "Pardubice"]
[Date "2016.07.28"]
[Round "7"]
[White "Bebel, Arkadiusz"]
[Black "Zakhartsov, Vladimir"]
[Result "0-1"]
[WhiteElo "2298"]
[BlackElo "2429"]
[PlyCount "62"]
[EventDate "2016.07.22"]
[EventType "swiss"]
[EventRounds "9"]
[EventCountry "CZE"]
[SourceTitle "CBM 173 Extra"]
[Source "ChessBase"]
[SourceDate "2016.08.29"]
[SourceVersion "1"]
[SourceVersionDate "2016.08.29"]
[SourceQuality "1"]

1. e4 c5 2. c3 Nf6 3. e5 Nd5 4. Nf3 Nc6 5. Bc4 Nb6 6. Bb3 c4 7. Bc2 Qc7 8. Qe2 g5 9. h3 Bg7 10. 0-0 Nxe5 11. Nxg5 h6 12. Nf3 d5 13. a4 Nbd7 14. d4 cxd3 15. Bxd3 Nxd3 16. Qxd3 e6 17. Re1 0-0 18. Be3 Nc5 19. Bxc5 Qxc5 20. Nbd2 Qc7 21. Nf1 Rd8 22. Ne3 f5 23. Nd4 f4 24. Ng4 h5 25. Nb5 Qb8 26. Nh2 a6 27. Nd4 e5 28. Nf5 e4 29. Ne7+ Kf7 30. Rxe4 dxe4 31. Qxd8 Be6 0-1

[Event "Lvov July IM"]
[Site "Lvov"]
[Date "2015.07.31"]
[Round "8"]
[White "Bebel, Arkadiusz"]
[Black "Petrova, Irina"]
[Result "0-1"]
[WhiteElo "2307"]
[BlackElo "2173"]
[PlyCount "92"]
[EventDate "2015.07.27"]
[EventType "tourn"]
[EventRounds "9"]
[EventCountry "UKR"]
[SourceTitle "CBM 167 Extra"]
[Source "ChessBase"]
[SourceDate "2015.09.14"]
[SourceVersion "1"]
[SourceVersionDate "2015.09.14"]
[SourceQuality "1"]

1. e4 e5 2. Nc3 Nf6 3. g3 d5 4. exd5 Nxd5 5. Bg2 Nxc3 6. bxc3 Nc6 7. Ne2 Be6 8. d3 Bd5 9. 0-0 Bxg2 10. Kxg2 Qd5+ 11. f3 Bc5 12. c4 Qd7 13. Rb1 h5 14. h3 f5 15. Bg5 h4 16. g4 Qd6 17. Qe1 Qg6 18. Bd2 0-0-0 19. Bc3 Rdf8 20. Qd2 Rf7 21. Rbe1 Rhf8 22. Ng1 fxg4 23. fxg4 Rf2+ 24. Rxf2 Rxf2+ 25. Qxf2 Bxf2 26. Kxf2 Qf6+ 27. Kg2 Nd4 28. Re4 c5 29. Bxd4 exd4 30. a3 Qd6 31. Re8+ Kd7 32. Rg8 Qe5 33. Rf8 Kc6 34. Rf5 Qg3+ 35. Kh1 Kb6 36. Rg5 Qf2 37. Rg6+ Ka5 38. Rxg7 Qxc2 39. Rxb7 Qxd3 40. Rb5+ Ka4 41. Rxc5 Qe4+ 42. Kh2 d3 43. Rf5 d2 44. Rf1 Qxc4 45. Rd1 Qc2 46. Ne2 Ka5 0-1

[Event "POL-ch U26"]
[Site "Zabrze"]
[Date "2015.01.11"]
[Round "9"]
[White "Bebel, Arkadiusz"]
[Black "Krzyzanowski, Marcin"]
[Result "0-1"]
[WhiteElo "2307"]
[BlackElo "2400"]
[PlyCount "96"]
[EventDate "2015.01.10"]
[EventType "swiss"]
[EventRounds "9"]
[EventCountry "POL"]
[SourceTitle "EXT 2016"]
[Source "ChessBase"]
[SourceDate "2015.10.08"]
[SourceVersion "1"]
[SourceVersionDate "2015.10.08"]
[SourceQuality "1"]

1. e4 c5 2. c3 d5 3. exd5 Qxd5 4. d4 Nf6 5. Nf3 e6 6. Na3 cxd4 7. Nb5 Qd8 8. Nbxd4 Be7 9. Bd3 0-0 10. 0-0 b6 11. Qe2 Bb7 12. Rd1 Qc8 13. Bg5 Nc6 14. a4 Re8 15. Nxc6 Bxc6 16. Ne5 Bd5 17. Bxf6 Bxf6 18. Bxh7+ Kf8 19. Bd3 Qc7 20. f4 Red8 21. Bb5 Bxe5 22. fxe5 Ke7 23. Rf1 Rh8 24. Rae1 a6 25. Bd3 f5 26. Qe3 Qc5 27. Rf4 g5 28. Rd4 f4 29. Qf2 Raf8 30. Be4 Bxe4 31. Rexe4 Rd8 32. Qe2 Rxd4 33. Rxd4 Rd8 34. Qd2 Rxd4 35. cxd4 Qc4 36. Qd1 Kd7 37. h3 Kc6 38. Qf3+ Kc7 39. Qc3 Qxc3 40. bxc3 Kc6 41. c4 b5 42. d5+ exd5 43. cxb5+ axb5 44. a5 b4 45. e6 b3 46. e7 Kd7 47. a6 b2 48. a7 b1Q+ 0-1

[Event "Rewal op-A 16th"]
[Site "Rewal"]
[Date "2011.08.26"]
[Round "7"]
[White "Sowul, Bartosz"]
[Black "Bebel, Arkadiusz"]
[Result "1/2-1/2"]
[WhiteElo "2208"]
[BlackElo "2309"]
[PlyCount "78"]
[EventDate "2011.08.19"]
[EventType "swiss"]
[EventRounds "9"]
[EventCountry "POL"]
[SourceTitle "CBM 144 Extra"]
[Source "ChessBase"]
[SourceDate "2011.10.28"]
[SourceVersion "1"]
[SourceVersionDate "2011.10.28"]
[SourceQuality "1"]

1. e4 e6 2. d4 d5 3. Nd2 Be7 4. Ngf3 Nf6 5. e5 Nfd7 6. Bd3 c5 7. c3 Nc6 8. 0-0 a5 9. Re1 cxd4 10. cxd4 Qb6 11. Nb1 Nxd4 12. Nxd4 Qxd4 13. Nc3 Qb6 14. Nb5 Nc5 15. Be3 Bd7 16. a4 Qd8 17. Rc1 b6 18. Qg4 g6 19. Nd6+ Bxd6 20. exd6 e5 21. Qg3 0-0 22. Bh6 Re8 23. Rxe5 Qf6 24. Rxd5 Qxb2 25. Rdxc5 bxc5 26. h4 Rac8 27. h5 Qe5 28. hxg6 hxg6 29. Bf4 Qh5 30. Bb5 Qf5 31. Bxd7 Qxd7 32. Be5 Rc6 33. Qh2 Rxe5 34. Qxe5 Rxd6 35. Rxc5 Rd1+ 36. Kh2 Rd4 37. g3 Rd2 38. Qf4 Rd5 39. Rxd5 Qxd5 1/2-1/2

[Event "POL-chT 2st League"]
[Site "Mrzezyno"]
[Date "2010.09.08"]
[Round "5.49"]
[White "Bebel, Arkadiusz"]
[Black "Zeberski, Jakub"]
[Result "0-1"]
[WhiteElo "2297"]
[BlackElo "2386"]
[PlyCount "130"]
[EventDate "2010.09.04"]
[EventType "team-swiss"]
[EventRounds "9"]
[EventCountry "POL"]
[SourceTitle "EXT 2019"]
[Source "ChessBase"]
[SourceDate "2018.10.10"]
[SourceVersion "1"]
[SourceVersionDate "2018.10.10"]
[SourceQuality "1"]
[WhiteTeam "Wroclaw KS Polonia II"]
[BlackTeam "Bogatynia UKS SP3"]
[WhiteTeamCountry "POL"]
[BlackTeamCountry "POL"]

1. e4 e5 2. Nf3 Nc6 3. Bb5 a6 4. Bxc6 dxc6 5. 0-0 Bd6 6. d4 exd4 7. Qxd4 f6 8. Be3 Ne7 9. Nbd2 Be6 10. Qc3 Ng6 11. Rad1 Qe7 12. a3 0-0-0 13. Nd4 Nf4 14. g3 g5 15. Qa5 c5 16. Nxe6 Qxe6 17. f3 Ne2+ 18. Kf2 Nd4 19. Bxd4 cxd4 20. Qf5 Rhe8 21. Qxe6+ Rxe6 22. Ke2 f5 23. Kd3 b5 24. b4 f4 25. e5 Rxe5 26. Ne4 fxg3 27. hxg3 a5 28. Rb1 axb4 29. axb4 Bf8 30. Rh1 h6 31. g4 Re6 32. Rb3 Ra6 33. Ng3 Ra4 34. Rhb1 Kb7 35. Nf5 Kb6 36. Kd2 c6 37. Kd3 Rd5 38. Ke4 Ra8 39. Nxd4 Re8+ 40. Kd3 Bg7 41. c3 Red8 42. Ke3 Bxd4+ 43. cxd4 Rxd4 44. Rh1 R8d6 45. Ra1 Rf4 46. Rab1 Re6+ 47. Kf2 Rc4 48. R1b2 Rd6 49. Ke3 Rdd4 50. Rb1 Kc7 51. R1b2 Rf4 52. Rb1 Kd6 53. Rd3+ Ke5 54. Rh1 Rf6 55. Rb1 Rd6 56. Rdb3 Rc2 57. Rh1 Re6 58. Kd3 Rc4 59. Ke3 Kd5+ 60. Kd2 Rd4+ 61. Kc2 Re2+ 62. Kc1 Kc4 63. Rb1 Kc3 64. Ra1 Rc2+ 65. Kb1 Rxb4# 0-1